01022cam a2200313 a 45000010008000000030004000080050017000120080041000290100017000700200015000870400018001020430012001200500024001320820022001561100017001782400034001952450115002292500013003442600090003573000019004475000030004665210021004965260019005175410006005365620006005426500045005487000020005937100095006131498415OSt20140310183110.0880524s1988 ph l 001 0 eng  a 88143624  a9718586016 aDLCcDLCdDLC aa-ph---00aHD 7809b.F796 1999 aFIL 331bL11 19991 aPhilippines.10aLabor Code of the Philippines14aThe Labor Code of the Philippines and its implementing rules and regulationsbwith appendicescFoz, Vicente B. a1999 ed. aDiliman, Quezon City, Metropolitan Manila, PhilippinesbPhilippine Law Gazettecc1989 a640 p.c26 cm. a"Appendices": p. 213-409. aCollege Students c1210L to 1700L j1 e1 0aLabor laws and legislationzPhilippines.1 aFoz, Vicente B.12aPhilippines.bMinistry of Labor and Employment.tRules to implement the Labor Code.f1988.